Регионална библиотека "Любен Каравелов" - Русе

5 Concertos for flute and Chamber Ensemble (Запис номер 515334)

MARC детайли
000 -Лидер
Лидер 01096njm a2200349 a 4500
003 - Код на организацията, давaща контролен номер
Код на организацията, даваща контролен номер BLK
005 - Дата и час на последна редакция
Дата и час на последна редакция 20241003095905.0
007 - Фиксирано поле за физическо описани
Физическо описание sd ammalaaahaa
008 - Елементи от данни с фиксирана дължина
Елементи с фиксирана дължина 240801b bu |||||s|||| 00| | bu d
028 ## - PUBLISHER NUMBER
Издателски номер SUA 10671
040 ## - Източник на каталожния запис
Код на библиотеката BLK
041 ## - Код за език
Език на записа Чешки
Език за КДБФ Други славянски езици
080 ## - УДК
УДК текст Концерт за флейта и оркестър
УДК код 785.6:788.5
УДК – определител (086.72)
УДК – код + определител 785.6:788.5(086.72)
100 1# - Редна дума - Автор
R(LIN) 27390
Автор Vivaldi, Antonio
245 ## - Сведения за заглавието
Заглавие 5 Concertos for flute and Chamber Ensemble
Авторска отговорност Antonio Vivaldi
260 ## - Област на издателските данни
9 (RLIN) 210746
Място на издаване Praha
Име на издателя Supraphon
Година на издаване б. г.
300 ## - Физическа характеристика
Брой страници 1 плоча: 33 об./мин.
Илюстрации моно
Размер 30 см
380 ## - Жанр
Жанр Изкуство
490 ## - СЕРИИ (Колекции)
9 (RLIN) 494036
Серия Praga Regina Musicae
653 ## - Ключова дума – ненормативна
9 (RLIN) 199412
Ключови думи флейта
653 ## - Ключова дума – ненормативна
9 (RLIN) 189133
Ключови думи концерти
700 ## - Други автори (авторска отговорност)
9 (RLIN) 493808
Друг автор Sommer, Vladimir
700 1# - Други автори (авторска отговорност)
9 (RLIN) 47870
Друг автор Вивалди, Антонио
852 ## - Местоположение
Сигнатура (форматна) Ф ІІ 53
Отдел Хранилище
856 ## - Електронен адрес и достъп
Инструкция (цена за достъп) 0.00
Права за достъп disable
942 ## - АРТИКУЛИ
Вид на библиотечния документ Грамофонни плочи
Скрит в OPAC Не
944 ## - СЪЗДАВАНЕ И РЕДАКЦИЯ на ЗАПИСА
Дата на регистрацията/редакция Виолета Тройчева
Служител, извършил регистрацията/редакцията 30542
Статус, дата на статуса Русанова Ирена
999 ## - СИСТЕМНИ КОНТРОЛНИ НОМЕРА
Koha biblionumber 515334
Koha biblioitemnumber 515334
999 ## - СИСТЕМНИ КОНТРОЛНИ НОМЕРА
Koha biblioitemnumber 515334
999 ## - СИСТЕМНИ КОНТРОЛНИ НОМЕРА
Koha biblioitemnumber 515334
999 ## - СИСТЕМНИ КОНТРОЛНИ НОМЕРА
Koha biblioitemnumber 515334
999 ## - СИСТЕМНИ КОНТРОЛНИ НОМЕРА
Koha biblioitemnumber 515334
Наличности
Код за отписване Код за изгубен артикул Източник на класификационната схема Код за повреда Код за отдаване Артикулен № Име на библиотеката - собственик Име на библиотеката, в която се намира в момента Статус (Текущо местоположение) Дата на вписване в системата Местоположение - отдел Цена в лева Инвентарен номер Систематично азбучна сигнатура Баркод Цена в евро Служебен тип на артикула
  Не е изгубен Universal Decimal Classification Не е повреден ползва се в читалня 947639 Регионална библиотека "Любен Каравелов" Русе Регионална библиотека "Любен Каравелов" Русе Хранилище 2024-08-27 Основен фонд - ползва се само за читалня 5.00 260000020354 Ф ІІ 641 900000106306 2.56 Грамофонни плочи
Vip Innovations Ltd, Rousse, Bulgaria 2025